Loading...
| Science - Physics | 0 | 4 | 1 | 0 | 35 | 56 | 70.75 | 3 | 4 |
| Fine Arts - Other Fine Arts | 2 | 0 | 0 | 0 | 30 | 48 | 52.00 | 1 | 2 |
| Science - Other Science | 1 | 2 | 2 | 0 | 25 | 37 | 67.33 | 0 | 3 |
| Mythology | 0 | 2 | 0 | 0 | 20 | 95 | 101.00 | 1 | 2 |
| History - American History | 0 | 2 | 0 | 0 | 20 | 86 | 97.00 | 0 | 1 |
| History - Other History | 0 | 2 | 0 | 0 | 20 | 76 | 91.00 | 0 | 1 |
| Social Science | 1 | 0 | 0 | 0 | 15 | 54 | 54.00 | 0 | 1 |
| Literature - British Literature | 1 | 0 | 0 | 0 | 15 | 63 | 63.00 | 1 | 1 |
| Pop Culture | 1 | 0 | 0 | 0 | 15 | 63 | 63.00 | 0 | 1 |
| Fine Arts - Auditory Fine Arts | 1 | 0 | 0 | 0 | 15 | 36 | 36.00 | 1 | 1 |
| Science - Chemistry | 0 | 1 | 0 | 0 | 10 | 111 | 111.00 | 0 | 0 |
| History - European History | 1 | 0 | 1 | 0 | 10 | 76 | 76.00 | 0 | 1 |
| Religion | 0 | 1 | 0 | 0 | 10 | 136 | 136.00 | 0 | 1 |
| History - World History | 0 | 0 | 1 | 0 | -5 | 0.00 | 0 | 0 |